Estadísticas para Países y territorios caribeños

Haz click aquí para intentar la prueba.

Estadísticas generales

  • Esta prueba ha sido intentada 3.798 veces
  • La puntuación promedio es 25 de 37

Estadísticas de respuestas

What is it?Respuesta% Correcto
Nación SoberanoCuba
95%
Nación SoberanoHaití
93%
Nación SoberanoJamaica
92%
Nación SoberanoRepública Dominicana
92%
Nación SoberanoSanta Lucía
89%
Nación SoberanoTrinidad y Tobago
89%
Nación SoberanoAntigua y Barbuda
88%
Nación SoberanoBarbados
88%
Nación SoberanoDominica
88%
Nación SoberanoSan Vicente y las
Granadinas
87%
Nación SoberanoGranada
85%
Nación SoberanoSan Cristóbal y Nieves
85%
Nación SoberanoPanamá
82%
Nación SoberanoBelice
81%
Nación SoberanoCosta Rica
81%
Territorio de EE.UU.Puerto Rico
81%
Nación SoberanoHonduras
80%
Nación SoberanoNicaragua
80%
Nación SoberanoGuatemala
77%
Nación SoberanoMéxico
77%
Nación SoberanoVenezuela
75%
Nación SoberanoColombia
73%
Territorio de EE.UUIslas Virgenes Americanas
66%
Territorio Británico en UltramarIslas Virgenes Británicas
66%
País holandésAruba
63%
País holandésCurazao
59%
Región francesa en ultramarMartinica
57%
Región francesa en ultramarGuadalupe
51%
Territorio Británico en UltramarIslas Caiman
46%
Colectividad francesa en ultramarSan Martin
44%
País holandésSint Maarten
44%
Territorio Británico en UltramarMontserrat
41%
Territorio Británico en UltramarAnguila
38%
Municipalidad especial holandésBonaire
34%
Colectividad francesa en ultramarSan Bartolomé
21%
Municipalidad especial holandésSaba
14%
Municipalidad especial holandésSan Eustaquio
13%

Distribución de puntuación

Porcentaje por número respondido

Porcentaje de gente con cada puntuación

Historial de tus puntuaciones

No has intentado esta prueba.